00519nam a2200205Ia 4500008004100000020002200041050001500063050001400078245003400092245002100126260001200147260002300159260000900182300001600191300002600207300001100233500002000244650003000264650001900294200601s9999 xx 000 0 und d a978-1-60991-109-6 aREF AG 243 b.R57 2014 0aRipley's believe it or not! : 0breality shock! / aChina : bRipley Publishing, c2014 a253 pages : bcolor illustrations ; c30 cm. aIncludes index. aCuriousities and wonders. xWorld records.